000 00348nam a2200145Ia 4500
003 OSt
005 20240301095628.0
008 170524s9999 xx 000 0 und d
020 _a978-8174886019
040 _ciimtu meerut
100 _aJOSEPH- MK
245 0 _aBASIC SOURCE MATERIAL FOR NEWS
260 _bANMOL PUB. : NEW DELHI
942 _2ddc
_c02
999 _c9210
_d9210